Hadoop Application Architectures (Record no. 216150)

MARC details
000 -LEADER
fixed length control field 00490nam a2200169Ia 4500
008 - FIXED-LENGTH DATA ELEMENTS--GENERAL INFORMATION
fixed length control field 230714s9999 xx 000 0 und d
020 ## - INTERNATIONAL STANDARD BOOK NUMBER
International Standard Book Number 9790000000000
041 ## - LANGUAGE CODE
Language code of text/sound track or separate title eng
082 ## - DEWEY DECIMAL CLASSIFICATION NUMBER
Classification number 005.74
Item number GRO
100 ## - MAIN ENTRY--PERSONAL NAME
Personal name Grover M.
9 (RLIN) 198039
245 ## - TITLE STATEMENT
Title Hadoop Application Architectures
260 ## - PUBLICATION, DISTRIBUTION, ETC. (IMPRINT)
Date of publication, distribution, etc. 2015
Name of publisher, distributor, etc. SPD/O'Reilly
300 ## - PHYSICAL DESCRIPTION
Extent 371
365 ## - TRADE PRICE
Currency code Rs.
Price amount 675.00
700 ## - ADDED ENTRY--PERSONAL NAME
Personal name Grover M.; Malaska T.; Seidman J. & Shapira G.
9 (RLIN) 198040
906 ## - LOCAL DATA ELEMENT F, LDF (RLIN)
d O:0469808-Oct-2015B:74230-Sep-2015
c COMP
b 1687.5

No items available.